[Event "Muensterland Verbandsliga Gr1 2223"]
[Site "Germany"]
[Date "2022.11.12"]
[Round "3.3"]
[White "Noering, Andreas"]
[Black "Klausmeier, Achim"]
[Result "1/2-1/2"]
[WhiteElo "1809"]
[BlackElo "1633"]
[PlyCount "55"]
[EventDate "2022.09.10"]
[EventType "team-tourn"]
[EventRounds "5"]
[EventCountry "GER"]
[SourceTitle "EXT 2024"]
[Source "ChessBase"]
[SourceDate "2023.10.10"]
[SourceVersion "1"]
[SourceVersionDate "2023.10.10"]
[SourceQuality "1"]
[WhiteTeam "Emsdetten Rochade II"]
[BlackTeam "Ibbenbueren"]
[WhiteTeamCountry "GER"]
[BlackTeamCountry "GER"]

1. e4 d5 2. exd5 Qxd5 3. Nc3 Qd8 4. Nf3 Bg4 5. Be2 Nf6 6. d3 e6 7. Bf4 c6 8. h3 Bxf3 9. Bxf3 Bd6 10. Bxd6 Qxd6 11. 0-0 0-0 12. Ne4 Qe7 13. Nxf6+ Qxf6 14. c3 Nd7 15. Qc2 Rfd8 16. d4 Nf8 17. Be4 g6 18. Rad1 Qe7 19. Rfe1 Qc7 20. Bf3 Nd7 21. Qc1 Kg7 22. Re4 Rh8 23. Rh4 Qd8 24. Qh6+ Kg8 25. Re4 Nf6 26. Re5 Nd7 27. Re2 Qf6 28. Qe3 1/2-1/2

[Event "Muensterland Verbandsliga 2122"]
[Site "Germany"]
[Date "2021.10.02"]
[Round "1.4"]
[White "Klausmeier, Achim"]
[Black "Steffens, Gerd"]
[Result "1/2-1/2"]
[WhiteElo "1704"]
[BlackElo "1784"]
[PlyCount "53"]
[EventDate "2021.10.02"]
[EventType "team-tourn"]
[EventRounds "2"]
[EventCountry "GER"]
[SourceTitle "EXT 2023"]
[Source "ChessBase"]
[SourceDate "2022.10.05"]
[SourceVersion "1"]
[SourceVersionDate "2022.10.05"]
[SourceQuality "1"]
[WhiteTeam "Ibbenbueren"]
[BlackTeam "Olfen"]
[WhiteTeamCountry "GER"]
[BlackTeamCountry "GER"]

1. e4 e6 2. d4 b6 3. Nf3 Bb7 4. Bd3 c5 5. c3 Nf6 6. Nbd2 cxd4 7. cxd4 Bb4 8. e5 Ne4 9. 0-0 Nxd2 10. Bxd2 Bxd2 11. Nxd2 0-0 12. Ne4 Bd5 13. Qh5 h6 14. f4 Nc6 15. f5 Bxe4 16. Bxe4 Qg5 17. Qxg5 hxg5 18. fxe6 fxe6 19. d5 Nxe5 20. dxe6 Rae8 21. exd7 Nxd7 22. Bd5+ Kh7 23. Rxf8 Rxf8 24. Rf1 Nf6 25. g3 Rd8 26. Bf3 Kg6 27. g4 1/2-1/2

[Event "Steinfurt Bezirksliga 1516"]
[Site "Germany"]
[Date "2016.05.28"]
[Round "9.6"]
[White "Klausmeier, Achim"]
[Black "Goebel, Michael"]
[Result "1-0"]
[WhiteElo "1720"]
[BlackElo "1291"]
[PlyCount "61"]
[EventDate "2015.09.19"]
[EventType "team-tourn"]
[EventRounds "9"]
[EventCountry "GER"]
[SourceTitle "EXT 2017"]
[Source "ChessBase"]
[SourceDate "2016.10.25"]
[SourceVersion "1"]
[SourceVersionDate "2016.10.25"]
[SourceQuality "1"]
[WhiteTeam "Ibbenbueren"]
[BlackTeam "Rheine CC"]
[WhiteTeamCountry "GER"]
[BlackTeamCountry "GER"]

1. e4 e5 2. Nf3 d6 3. c3 Nf6 4. d3 Nc6 5. Bg5 Be7 6. h3 b6 7. Nbd2 Bb7 8. d4 exd4 9. cxd4 0-0 10. Bc4 Na5 11. Bd3 Re8 12. 0-0 Nc6 13. a3 a5 14. Rc1 Nd7 15. Be3 Bf6 16. Qc2 g6 17. Bb5 Na7 18. Ba4 c6 19. Bf4 b5 20. Bb3 a4 21. Ba2 Nf8 22. e5 dxe5 23. dxe5 Bg7 24. Ng5 Ne6 25. Nxe6 fxe6 26. Ne4 Bc8 27. Bg5 Qd4 28. Nf6+ Bxf6 29. Bxf6 Bb7 30. Rfd1 Qb6 31. Rd7 1-0

[Event "Steinfurt Bezirksliga 1516"]
[Site "Germany"]
[Date "2015.11.07"]
[Round "2.7"]
[White "Klausmeier, Achim"]
[Black "Thomann, Henning"]
[Result "0-1"]
[WhiteElo "1720"]
[BlackElo "1149"]
[PlyCount "100"]
[EventDate "2015.09.19"]
[EventType "team-tourn"]
[EventRounds "9"]
[EventCountry "GER"]
[SourceTitle "EXT 2017"]
[Source "ChessBase"]
[SourceDate "2016.10.25"]
[SourceVersion "1"]
[SourceVersionDate "2016.10.25"]
[SourceQuality "1"]
[WhiteTeam "Ibbenbueren"]
[BlackTeam "Neuenkirchen II"]
[WhiteTeamCountry "GER"]
[BlackTeamCountry "GER"]

1. e4 e5 2. Nf3 Nc6 3. Bb5 a6 4. Ba4 b5 5. Bb3 Bc5 6. 0-0 Nf6 7. d3 h6 8. c3 0-0 9. d4 exd4 10. cxd4 Bb6 11. e5 Nh7 12. d5 Na5 13. Bc2 d6 14. Qd3 f5 15. e6 Qf6 16. Bd2 Nc4 17. Bc3 Ne5 18. Qe2 Nxf3+ 19. Qxf3 Bd4 20. Nd2 Bb7 21. e7 Rf7 22. Bxd4 Qxd4 23. Rfe1 Re8 24. Bxf5 Ng5 25. Qd3 Qxd3 26. Bxd3 Rfxe7 27. Rxe7 Rxe7 28. f4 Re3 29. Bf5 Re2 30. fxg5 Rxd2 31. g6 Bxd5 32. Re1 Rxg2+ 33. Kf1 Kf8 34. Bd7 Rxg6 35. Bc8 a5 36. Ba6 b4 37. a3 bxa3 38. bxa3 Rf6+ 39. Kg1 c5 40. Bb5 Rf3 41. Re8+ Kf7 42. a4 Bc4 43. Ra8 Bxb5 44. axb5 Rb3 45. Rxa5 c4 46. Ra7+ Kf6 47. Rd7 Ke5 48. Rxg7 Rxb5 49. Rh7 c3 50. Re7+ Kd4 0-1

[Event "Muensterland Verbandsklasse 1415"]
[Site "Germany"]
[Date "2015.03.21"]
[Round "8.1"]
[White "Klausmeier, Achim"]
[Black "Boelker, Franz"]
[Result "0-1"]
[WhiteElo "1769"]
[BlackElo "1783"]
[PlyCount "100"]
[EventDate "2014.09.13"]
[EventType "team-tourn"]
[EventRounds "9"]
[EventCountry "GER"]
[SourceTitle "EXT 2016"]
[Source "ChessBase"]
[SourceDate "2015.10.08"]
[SourceVersion "1"]
[SourceVersionDate "2015.10.08"]
[SourceQuality "1"]
[WhiteTeam "Ibbenbueren"]
[BlackTeam "Raesfeld Erle II"]
[WhiteTeamCountry "GER"]
[BlackTeamCountry "GER"]

1. e4 c5 2. Nf3 d6 3. d4 cxd4 4. Nxd4 Nf6 5. Nc3 a6 6. Be2 e6 7. Be3 Nbd7 8. Qd2 Qc7 9. 0-0 Be7 10. f4 b5 11. a3 Bb7 12. Bf3 Nc5 13. e5 dxe5 14. fxe5 Nfe4 15. Nxe4 Nxe4 16. Qd3 Qxe5 17. Kh1 Nc5 18. Qe2 Qc7 19. Bxb7 Qxb7 20. Qg4 Bf6 21. Rf3 Qe4 22. Qxe4 Nxe4 23. c3 0-0 24. Re1 Nd6 25. Bg1 Rac8 26. Rff1 Nc4 27. Re2 Rfd8 28. Rb1 Rd5 29. g3 Ne5 30. Kg2 Nc6 31. Nxc6 Rxc6 32. Bf2 Be7 33. Bd4 f6 34. Bf2 e5 35. Be1 f5 36. Bf2 Bf6 37. Be1 Rcd6 38. Kf2 g5 39. Kg2 Kf7 40. Ra1 Rd1 41. Rxd1 Rxd1 42. Kf2 Ke6 43. Rc2 e4 44. Ke2 Rd5 45. Bd2 h6 46. Be3 Be5 47. Rc1 f4 48. gxf4 Bxf4 49. Bxf4 gxf4 50. Rg1 Rg5 0-1

[Event "Muensterland Verbandsklasse 1314"]
[Site "Germany"]
[Date "2014.04.12"]
[Round "8.5"]
[White "Stein, Michael"]
[Black "Klausmeier, Achim"]
[Result "0-1"]
[WhiteElo "1704"]
[BlackElo "1751"]
[PlyCount "46"]
[EventDate "2013.09.21"]
[EventType "team-tourn"]
[EventRounds "9"]
[EventCountry "GER"]
[SourceTitle "EXT 2015"]
[Source "ChessBase"]
[SourceDate "2014.11.20"]
[SourceVersion "1"]
[SourceVersionDate "2014.11.20"]
[SourceQuality "1"]
[WhiteTeam "Gescher"]
[BlackTeam "Ibbenbueren"]
[WhiteTeamCountry "GER"]
[BlackTeamCountry "GER"]

1. e4 g6 2. d4 d6 3. Nc3 Nf6 4. g3 Bg7 5. Bg2 0-0 6. Nge2 c5 7. 0-0 Nc6 8. dxc5 dxc5 9. Be3 Nd7 10. f4 e5 11. h3 a6 12. a3 b5 13. Qd5 Qb6 14. b4 Nd4 15. Bxd4 cxd4 16. Kh1 dxc3 17. fxe5 Nxe5 18. Nxc3 Be6 19. Qd2 Rad8 20. Nd5 Bxd5 21. exd5 Nc4 22. Qf4 Bxa1 23. Rxa1 Ne3 0-1

[Event "Muensterland Verbandsklasse-A 1213"]
[Site "Germany"]
[Date "2012.11.17"]
[Round "3.6"]
[White "Van Almsick, Georg"]
[Black "Klausmeier, Achim"]
[Result "1-0"]
[WhiteElo "1867"]
[BlackElo "1738"]
[PlyCount "49"]
[EventDate "2012.09.15"]
[EventType "team-tourn"]
[EventRounds "9"]
[EventCountry "GER"]
[SourceTitle "EXT 2015"]
[Source "ChessBase"]
[SourceDate "2014.11.20"]
[SourceVersion "1"]
[SourceVersionDate "2014.11.20"]
[SourceQuality "1"]
[WhiteTeam "Ahaus Wessum"]
[BlackTeam "Ibbenbueren"]
[WhiteTeamCountry "GER"]
[BlackTeamCountry "GER"]

1. f4 d5 2. Nf3 c5 3. e3 Nc6 4. b3 Nf6 5. Bb5 a6 6. Bxc6+ bxc6 7. Bb2 e6 8. 0-0 Be7 9. Ne5 Qd6 10. d3 h5 11. Nd2 d4 12. Ndc4 Qc7 13. exd4 cxd4 14. Bxd4 c5 15. Bc3 a5 16. a4 Bb7 17. Qd2 Bd8 18. Rae1 Nd5 19. f5 Nxc3 20. Qxc3 Bf6 21. fxe6 fxe6 22. Qd2 Rh6 23. Qxh6 gxh6 24. Rxf6 0-0-0 25. Rf7 1-0

[Event "Muensterland Verbandsklasse-A 1213"]
[Site "Germany"]
[Date "2012.09.15"]
[Round "1.4"]
[White "Rengers, Rainer"]
[Black "Klausmeier, Achim"]
[Result "1-0"]
[WhiteElo "1683"]
[BlackElo "1738"]
[PlyCount "75"]
[EventDate "2012.09.15"]
[EventType "team-tourn"]
[EventRounds "9"]
[EventCountry "GER"]
[SourceTitle "EXT 2015"]
[Source "ChessBase"]
[SourceDate "2014.11.20"]
[SourceVersion "1"]
[SourceVersionDate "2014.11.20"]
[SourceQuality "1"]
[WhiteTeam "Neuenkirchen II"]
[BlackTeam "Ibbenbueren"]
[WhiteTeamCountry "GER"]
[BlackTeamCountry "GER"]

1. d4 Nf6 2. c4 g6 3. Nc3 Bg7 4. e4 d6 5. Nf3 0-0 6. Be2 Nbd7 7. 0-0 c5 8. Re1 b6 9. d5 a6 10. h3 Qc7 11. Be3 h6 12. Nh4 Kh7 13. Qc2 Rb8 14. f4 Ng8 15. Bd3 Bf6 16. Qf2 Qd8 17. Nf3 Bg7 18. g4 Kh8 19. Qg3 Qc7 20. e5 dxe5 21. fxe5 Nxe5 22. Bf4 f6 23. Bxg6 Rb7 24. Nh4 Qd8 25. Bxe5 fxe5 26. Be4 Bf6 27. Ng6+ Kg7 28. Nxf8 Qxf8 29. Rf1 Ra7 30. h4 Kh8 31. Rf3 Qg7 32. Bf5 Bxf5 33. Rxf5 e6 34. dxe6 Re7 35. Ne4 Rxe6 36. Raf1 Be7 37. g5 Rg6 38. Rf7 1-0

[Event "Muensterland Verbandsklasse-A 1112"]
[Site "Germany"]
[Date "2011.11.12"]
[Round "3.4"]
[White "Klausmeier, Achim"]
[Black "Wigger, Frank"]
[Result "0-1"]
[WhiteElo "1782"]
[BlackElo "1793"]
[PlyCount "38"]
[EventDate "2011.09.17"]
[EventType "team-tourn"]
[EventRounds "9"]
[EventCountry "GER"]
[SourceTitle "EXT 2013"]
[Source "ChessBase"]
[SourceDate "2012.11.22"]
[SourceVersion "1"]
[SourceVersionDate "2012.11.22"]
[SourceQuality "1"]
[WhiteTeam "Ibbenbueren"]
[BlackTeam "Metelen"]
[WhiteTeamCountry "GER"]
[BlackTeamCountry "GER"]

1. e4 e5 2. Bc4 Nf6 3. d3 Nc6 4. Nf3 Bc5 5. Bg5 h6 6. Bh4 d6 7. c3 a6 8. b4 Ba7 9. h3 Be6 10. Nbd2 Qe7 11. Qb3 0-0 12. 0-0 g5 13. Bxe6 fxe6 14. Bxg5 hxg5 15. Nxg5 Rae8 16. Qd1 Nh7 17. Nxh7 Qxh7 18. Nf3 Qg6 19. Qd2 Rxf3 0-1

[Event "Muensterland Verbandsklasse-B 1011"]
[Site "Germany"]
[Date "2011.02.19"]
[Round "7.3"]
[White "Klausmeier, Achim"]
[Black "Schulze Ameling, Hendrik"]
[Result "1/2-1/2"]
[WhiteElo "1745"]
[BlackElo "1961"]
[PlyCount "41"]
[EventDate "2010.09.18"]
[EventType "team-tourn"]
[EventRounds "9"]
[EventCountry "GER"]
[SourceTitle "EXT 2012"]
[Source "ChessBase"]
[SourceDate "2011.11.24"]
[SourceVersion "1"]
[SourceVersionDate "2011.11.24"]
[SourceQuality "1"]
[WhiteTeam "Ibbenbueren"]
[BlackTeam "Ahaus Wessum"]
[WhiteTeamCountry "GER"]
[BlackTeamCountry "GER"]

1. e4 e6 2. d4 d5 3. exd5 exd5 4. Nf3 Bg4 5. Be2 Bd6 6. Nc3 c6 7. 0-0 Nd7 8. Re1 Ne7 9. Ne5 Be6 10. f4 Qc7 11. Bg4 Bxe5 12. fxe5 Nf5 13. Rf1 g6 14. Ne2 Qb6 15. Bxf5 Bxf5 16. Kh1 0-0-0 17. Ng3 Be6 18. c3 h5 19. h4 Rdg8 20. Qb3 Qa6 21. Bg5 1/2-1/2

[Event "Muensterland Verbandsklasse-A 0910"]
[Site "Germany"]
[Date "2009.12.19"]
[Round "4.5"]
[White "Klausmeier, Achim"]
[Black "Ollech, Dirk"]
[Result "0-1"]
[WhiteElo "1757"]
[BlackElo "1871"]
[PlyCount "104"]
[EventDate "2009.09.19"]
[EventType "team-tourn"]
[EventRounds "9"]
[EventCountry "GER"]
[SourceTitle "EXT 2011"]
[Source "ChessBase"]
[SourceDate "2010.11.26"]
[SourceVersion "1"]
[SourceVersionDate "2010.11.26"]
[SourceQuality "1"]
[WhiteTeam "Ibbenbueren"]
[BlackTeam "Muenster Indische Dame"]
[WhiteTeamCountry "GER"]
[BlackTeamCountry "GER"]

1. e4 c5 2. Nf3 d6 3. d4 cxd4 4. Nxd4 Nf6 5. Nc3 a6 6. Be2 e5 7. Nb3 Be7 8. 0-0 0-0 9. Be3 Be6 10. f4 Qc7 11. f5 Bc4 12. Bxc4 Qxc4 13. Nd5 Nxd5 14. exd5 Nd7 15. Qd2 Nf6 16. Rad1 Rac8 17. c3 Qa4 18. Nc1 b5 19. Qe2 Qc4 20. Qxc4 bxc4 21. Ne2 Rb8 22. Bc1 Rb5 23. Ng3 Rfb8 24. Rfe1 Rxd5 25. Rxd5 Nxd5 26. Ne4 Nb6 27. Nd2 Rc8 28. Nf3 f6 29. Re2 d5 30. Be3 Na4 31. Kf1 Bc5 32. Bc1 Kf7 33. Ke1 Bd6 34. h3 Nc5 35. Be3 Nd3+ 36. Kd1 Rb8 37. Bc1 Bc5 38. Kc2 d4 39. cxd4 exd4 40. Re6 g5 41. a3 a5 42. Rc6 Re8 43. Rc7+ Re7 44. Rxe7+ Kxe7 45. Nd2 Ne5 46. Ne4 Bb6 47. g4 Nf3 48. a4 Ng1 49. b3 d3+ 50. Kc3 Ne2+ 51. Kd2 Nxc1 52. Kxc1 Be3+ 0-1

[Event "Muensterland Verbandsklasse-A 0809"]
[Site "Germany"]
[Date "2009.05.02"]
[Round "9.4"]
[White "Klausmeier, Achim"]
[Black "Gottkehaskamp, Stefan"]
[Result "1/2-1/2"]
[WhiteElo "1791"]
[BlackElo "1896"]
[PlyCount "33"]
[EventDate "2008.09.13"]
[EventType "team-tourn"]
[EventRounds "9"]
[EventCountry "GER"]
[SourceTitle "EXT 2010"]
[Source "ChessBase"]
[SourceDate "2010.11.25"]
[SourceVersion "1"]
[SourceVersionDate "2010.11.25"]
[SourceQuality "1"]
[WhiteTeam "Ibbenbueren"]
[BlackTeam "Nienberge"]
[WhiteTeamCountry "GER"]
[BlackTeamCountry "GER"]

1. e4 Nf6 2. e5 Nd5 3. d4 d6 4. Nf3 dxe5 5. Nxe5 c6 6. Bc4 Nd7 7. f4 Nxe5 8. fxe5 g6 9. 0-0 Bg7 10. Qf3 0-0 11. Nc3 Be6 12. Nxd5 cxd5 13. Bb3 a5 14. a4 Qb6 15. Be3 Rad8 16. Rae1 Qb4 17. Qd1 1/2-1/2

[Event "Muensterland Verbandsklasse-A 0809"]
[Site "Germany"]
[Date "2009.03.28"]
[Round "8.3"]
[White "Klausmeier, Achim"]
[Black "Kuhlenbaeumer, Alfred"]
[Result "1/2-1/2"]
[WhiteElo "1791"]
[BlackElo "1855"]
[PlyCount "96"]
[EventDate "2008.09.13"]
[EventType "team-tourn"]
[EventRounds "9"]
[EventCountry "GER"]
[SourceTitle "EXT 2010"]
[Source "ChessBase"]
[SourceDate "2010.11.25"]
[SourceVersion "1"]
[SourceVersionDate "2010.11.25"]
[SourceQuality "1"]
[WhiteTeam "Ibbenbueren"]
[BlackTeam "Telgte"]
[WhiteTeamCountry "GER"]
[BlackTeamCountry "GER"]

1. e4 e5 2. Nf3 Nf6 3. Nc3 Nc6 4. Bb5 Bc5 5. 0-0 d6 6. d3 h6 7. h3 0-0 8. a3 Be6 9. Bxc6 bxc6 10. Na4 Bb6 11. Nxb6 axb6 12. b3 Qe7 13. Bb2 Ne8 14. d4 f6 15. Nh4 Qf7 16. Nf5 Kh7 17. Qf3 g6 18. Ne3 exd4 19. Bxd4 Ra5 20. Bc3 Ra6 21. Qe2 Ra7 22. f4 f5 23. e5 Bc8 24. Rfe1 dxe5 25. fxe5 Be6 26. a4 Ng7 27. Rad1 Nh5 28. Qf3 Qe8 29. Rd4 g5 30. g4 fxg4 31. Qe4+ Qg6 32. hxg4 Qxe4 33. Rxe4 Nf4 34. Rd4 Kg6 35. Rd2 Raa8 36. Rf1 Rf7 37. Rh2 Raf8 38. Be1 Rh8 39. Bg3 h5 40. Bxf4 gxf4 41. gxh5+ Rxh5 42. Rxh5 Kxh5 43. Ng2 Kg4 44. Kf2 Bd5 45. Re1 Rh7 46. c4 Bxg2 47. Kxg2 Kf5 48. e6 Re7 1/2-1/2

[Event "Muensterland Verbandsklasse-A 0809"]
[Site "Germany"]
[Date "2009.01.10"]
[Round "5.4"]
[White "Klausmeier, Achim"]
[Black "Hanewinkel, Martin"]
[Result "1-0"]
[WhiteElo "1791"]
[BlackElo "1785"]
[PlyCount "63"]
[EventDate "2008.09.13"]
[EventType "team-tourn"]
[EventRounds "9"]
[EventCountry "GER"]
[SourceTitle "EXT 2010"]
[Source "ChessBase"]
[SourceDate "2010.11.25"]
[SourceVersion "1"]
[SourceVersionDate "2010.11.25"]
[SourceQuality "1"]
[WhiteTeam "Ibbenbueren"]
[BlackTeam "Beelen"]
[WhiteTeamCountry "GER"]
[BlackTeamCountry "GER"]

1. e4 c5 2. Nf3 e6 3. d4 cxd4 4. Nxd4 a6 5. a3 Nf6 6. Nc3 Qc7 7. Be3 Nc6 8. Be2 Be7 9. 0-0 h5 10. h3 b5 11. Nxc6 dxc6 12. f4 e5 13. f5 Bb7 14. Bf3 Rd8 15. Qe2 c5 16. Bf2 g5 17. fxg6 fxg6 18. Rad1 0-0 19. Nd5 Bxd5 20. exd5 c4 21. Qe3 Kg7 22. Rfe1 Nd7 23. Qe2 Rf7 24. Bg3 Bd6 25. Bxh5 gxh5 26. Qxh5 Rg8 27. Rf1 Rxf1+ 28. Rxf1 Nf8 29. Qg5+ Ng6 30. Rf6 Kh7 31. Qh5+ Kg7 32. Qxg6+ 1-0

[Event "Muensterland Verbandsklasse-A 0708"]
[Site "Germany"]
[Date "2008.03.08"]
[Round "7.4"]
[White "Noering, Andreas"]
[Black "Klausmeier, Achim"]
[Result "1/2-1/2"]
[WhiteElo "1796"]
[BlackElo "1767"]
[PlyCount "35"]
[EventDate "2007.09.22"]
[EventType "team"]
[EventRounds "9"]
[EventCountry "GER"]
[SourceTitle "EXT 2009"]
[Source "ChessBase"]
[SourceDate "2008.11.26"]
[SourceVersion "1"]
[SourceVersionDate "2008.11.26"]
[SourceQuality "1"]
[WhiteTeam "Emsdetten Rochade"]
[BlackTeam "Ibbenbueren"]
[WhiteTeamCountry "GER"]
[BlackTeamCountry "GER"]

1. e4 d6 2. d4 Nf6 3. Nc3 g6 4. f4 Bg7 5. Nf3 0-0 6. Be3 b6 7. Bd3 Bb7 8. 0-0 c5 9. Qe2 Ng4 10. Rad1 Nxe3 11. Qxe3 Nc6 12. Ne2 Nb4 13. c3 Nxd3 14. Qxd3 d5 15. e5 c4 16. Qc2 Bc8 17. Ng3 e6 18. Ne2 1/2-1/2

[Event "Muensterland Verbandsklasse-A 0708"]
[Site "Germany"]
[Date "2008.02.16"]
[Round "6.4"]
[White "Klausmeier, Achim"]
[Black "Schwietering, Ralf"]
[Result "1-0"]
[WhiteElo "1767"]
[BlackElo "1790"]
[PlyCount "85"]
[EventDate "2007.09.22"]
[EventType "team"]
[EventRounds "9"]
[EventCountry "GER"]
[SourceTitle "EXT 2009"]
[Source "ChessBase"]
[SourceDate "2008.11.26"]
[SourceVersion "1"]
[SourceVersionDate "2008.11.26"]
[SourceQuality "1"]
[WhiteTeam "Ibbenbueren"]
[BlackTeam "Ochtrup"]
[WhiteTeamCountry "GER"]
[BlackTeamCountry "GER"]

1. e4 c5 2. Nf3 Nc6 3. d4 cxd4 4. Nxd4 Nf6 5. Nc3 d6 6. Be2 g6 7. Be3 Bg7 8. 0-0 0-0 9. Kh1 Bd7 10. f4 Rc8 11. Qd2 a6 12. Rad1 b5 13. a3 Kh8 14. Nb3 Bg4 15. Bf3 Bxf3 16. Rxf3 Qc7 17. Rh3 h5 18. Qe2 Kg8 19. Nd5 Nxd5 20. exd5 Nb8 21. c3 Qc4 22. Qc2 Nd7 23. Na5 Qc7 24. Nc6 Nf6 25. f5 Nxd5 26. Rxd5 Qxc6 27. Rd1 Kh7 28. fxg6+ fxg6 29. Rxh5+ Kg8 30. Qxg6 Rf6 31. Qh7+ Kf7 32. Rf5 Rxf5 33. Qxf5+ Bf6 34. Qd5+ Qxd5 35. Rxd5 Bxc3 36. bxc3 Rxc3 37. Rf5+ Ke6 38. Rf3 Rxa3 39. h4 b4 40. Kh2 Rc3 41. h5 b3 42. h6 b2 43. Rf1 1-0

[Event "Muensterland Verbandsklasse-A 0708"]
[Site "Germany"]
[Date "2007.10.20"]
[Round "2.5"]
[White "Klausmeier, Achim"]
[Black "Hartmann, Steffen"]
[Result "1/2-1/2"]
[WhiteElo "1767"]
[BlackElo "1708"]
[PlyCount "144"]
[EventDate "2007.09.22"]
[EventType "team"]
[EventRounds "9"]
[EventCountry "GER"]
[SourceTitle "EXT 2009"]
[Source "ChessBase"]
[SourceDate "2008.11.26"]
[SourceVersion "1"]
[SourceVersionDate "2008.11.26"]
[SourceQuality "1"]
[WhiteTeam "Ibbenbueren"]
[BlackTeam "Muenster SK IV"]
[WhiteTeamCountry "GER"]
[BlackTeamCountry "GER"]

1. e4 g6 2. d4 Bg7 3. c4 d6 4. Nf3 Nf6 5. Nc3 0-0 6. h3 Nbd7 7. Be2 c6 8. 0-0 e5 9. d5 cxd5 10. cxd5 Nc5 11. Qc2 a5 12. Be3 b6 13. a3 Ba6 14. Bxa6 Nxa6 15. Nd2 Qc7 16. Rac1 Rfc8 17. Qb1 Qb7 18. Nb5 Qd7 19. a4 Nc5 20. f3 Nxa4 21. Na3 Ne8 22. Rxc8 Rxc8 23. Ndc4 Qb7 24. b3 Nc5 25. b4 axb4 26. Qxb4 Na6 27. Qxb6 Qxb6 28. Nxb6 Rc3 29. Nac4 Bf6 30. Ra1 Nec7 31. Bh6 Be7 32. Ra4 Nc5 33. Ra7 N5a6 34. Nc8 Bh4 35. N8xd6 Bg3 36. Rb7 f6 37. Bd2 Rc2 38. Rb2 Rxb2 39. Nxb2 Kf8 40. Kf1 Ke7 41. Ndc4 Nb5 42. Nb6 Nd6 43. N2c4 Nxc4 44. Nxc4 Kd7 45. Ke2 Kc7 46. Bc1 Nc5 47. Ba3 Nd7 48. Be7 Bf4 49. Kd3 Bg3 50. Kc3 Be1+ 51. Kb3 Bf2 52. Kb4 Bd4 53. Kb5 Bc3 54. Na5 Bxa5 55. Kxa5 f5 56. Kb5 Nb8 57. d6+ Kd7 58. Kc5 Ke6 59. Kb6 Nd7+ 60. Kc6 Nb8+ 61. Kc7 Na6+ 62. Kd8 Nc5 63. Ke8 Nd7 64. g4 fxe4 65. fxe4 h5 66. gxh5 gxh5 67. h4 Nc5 68. Kd8 Nd7 69. Kc7 Nc5 70. Kc6 Nd7 71. Bd8 Nb8+ 72. Kb7 Nd7 1/2-1/2

[Event "Muensterland Verbandsklasse-A 0607"]
[Site "Germany"]
[Date "2007.01.20"]
[Round "5.6"]
[White "Biehl, Olaf"]
[Black "Klausmeier, Achim"]
[Result "0-1"]
[WhiteElo "1674"]
[BlackElo "1766"]
[PlyCount "114"]
[EventDate "2006.09.23"]
[EventType "team"]
[EventRounds "9"]
[EventCountry "GER"]
[SourceTitle "EXT 2008"]
[Source "ChessBase"]
[SourceDate "2007.11.25"]
[SourceVersion "1"]
[SourceVersionDate "2007.11.25"]
[SourceQuality "1"]
[WhiteTeam "Emsdetten Turm III"]
[BlackTeam "Ibbenbueren"]
[WhiteTeamCountry "GER"]
[BlackTeamCountry "GER"]

1. e4 g6 2. d4 d6 3. f4 Nf6 4. Nc3 Bg7 5. Nf3 0-0 6. Be2 Nc6 7. 0-0 e6 8. h3 b6 9. Be3 Ne7 10. Nh2 Bb7 11. Bf3 d5 12. e5 Ne4 13. g4 c5 14. Qe1 cxd4 15. Bxd4 Nc6 16. Ne2 Nxd4 17. Nxd4 Ba6 18. Be2 Bxe2 19. Nxe2 Qc7 20. Nd4 Qc5 21. c3 f6 22. Kg2 Qe7 23. Nhf3 fxe5 24. Nc6 Qd6 25. Ncxe5 Rxf4 26. Nd3 Rf7 27. Rd1 Raf8 28. Nb4 Qc7 29. Qh4 Bf6 30. g5 Bg7 31. Qg4 Kh8 32. Nd3 Qd6 33. Nb4 Qf4 34. Qxf4 Rxf4 35. Nd3 R4f5 36. h4 a5 37. Nh2 Rxf1 38. Rxf1 Rxf1 39. Nxf1 e5 40. Ne3 d4 41. cxd4 exd4 42. Nd5 Nc5 43. N5f4 Kg8 44. Kf3 Kf7 45. Ke2 Nxd3 46. Kxd3 Be5 47. Ne2 Ke6 48. Nxd4+ Kd5 49. Ne2 Bxb2 50. Nf4+ Ke5 51. Ng2 Bc1 52. Kc4 Ba3 53. Ne3 Ke4 54. Nd5 b5+ 55. Kb3 Kxd5 56. Kxa3 Kc4 57. Kb2 b4 0-1

[Event "Muensterland Verbandsklasse-A 0607"]
[Site "Germany"]
[Date "2006.12.09"]
[Round "4.6"]
[White "Klausmeier, Achim"]
[Black "Plassmann, Florenz"]
[Result "1-0"]
[WhiteElo "1766"]
[BlackElo "1817"]
[PlyCount "101"]
[EventDate "2006.09.23"]
[EventType "team"]
[EventRounds "9"]
[EventCountry "GER"]
[SourceTitle "EXT 2008"]
[Source "ChessBase"]
[SourceDate "2007.11.25"]
[SourceVersion "1"]
[SourceVersionDate "2007.11.25"]
[SourceQuality "1"]
[WhiteTeam "Ibbenbueren"]
[BlackTeam "Muenster SK IV"]
[WhiteTeamCountry "GER"]
[BlackTeamCountry "GER"]

1. e4 e5 2. Nf3 Nc6 3. Bb5 Nf6 4. 0-0 Nxe4 5. Re1 Nd6 6. Bxc6 dxc6 7. Nxe5 Be7 8. Qe2 Be6 9. Nc3 Nf5 10. Nf3 0-0 11. Ne4 Re8 12. d3 f6 13. Bf4 Bf7 14. h3 Bd6 15. Qd2 a5 16. Nxd6 Rxe1+ 17. Rxe1 cxd6 18. a3 a4 19. g4 Ne7 20. Qb4 Nd5 21. Qxd6 Nxf4 22. Qxf4 Qb6 23. Qd4 c5 24. Qc3 Bd5 25. Re3 Qc6 26. Ne1 Qd6 27. Qd2 b5 28. Qe2 Kf7 29. Ng2 g5 30. c4 Bxg2 31. Kxg2 b4 32. Qf3 Rd8 33. Qf5 Kg7 34. Re6 Qf8 35. Rc6 Qe7 36. Re6 Qf8 37. Qe4 Rd7 38. Qf5 Rd4 39. Ra6 Qe7 40. Re6 Qb7+ 41. Kf1 Rf4 42. Qd5 Qxd5 43. cxd5 bxa3 44. bxa3 Kf7 45. Re4 f5 46. Rxf4 gxf4 47. g5 Ke7 48. h4 Kd6 49. h5 Kxd5 50. g6 hxg6 51. h6 1-0